Cambridge IGCSE : Economics / (Record no. 5715)

MARC details
000 -LEADER
fixed length control field 01139nam a22002057a 4500
001 - CONTROL NUMBER
control field 5715
003 - CONTROL NUMBER IDENTIFIER
control field FISKH
005 - DATE AND TIME OF LATEST TRANSACTION
control field 20250115162752.0
008 - FIXED-LENGTH DATA ELEMENTS--GENERAL INFORMATION
fixed length control field 250115b cb ||||| |||| 00| 0 eng d
020 ## - INTERNATIONAL STANDARD BOOK NUMBER
International Standard Book Number 9781107612334
040 ## - CATALOGING SOURCE
Original cataloging agency FISKH
Language of cataloging eng
Transcribing agency FISKH
Modifying agency FISKH
082 ## - DEWEY DECIMAL CLASSIFICATION NUMBER
Classification number 330
100 ## - MAIN ENTRY--PERSONAL NAME
Personal name Grant, Susan
245 ## - TITLE STATEMENT
Title Cambridge IGCSE : Economics /
Statement of responsibility, etc. by Susan Grant
250 ## - EDITION STATEMENT
Edition statement First published 2014
260 ## - PUBLICATION, DISTRIBUTION, ETC.
Place of publication, distribution, etc. Cambridge :
Name of publisher, distributor, etc. Cambridge University Press ;
Date of publication, distribution, etc. 2014.
300 ## - PHYSICAL DESCRIPTION
Extent 571 pages :
Other physical details color illustrations ;
Dimensions 25 cm .
520 ## - SUMMARY, ETC.
Summary, etc. Endorsed by Cambridge International Examinations, Cambridge IGCSE Economics covers the Cambridge syllabus (0455). The book draws extensively on real world examples to explore economic concepts, theories and issues. Each of the 52 units deals with a specific topic in a lucid and pertinent manner. A number of activities, based on examples from around the world, are designed to facilitate students' easy understanding of the contents. There is a range of questions both at the end of units and at the end of each of the eight sections to assess students' progress in the subject.
942 ## - ADDED ENTRY ELEMENTS (KOHA)
Source of classification or shelving scheme Dewey Decimal Classification
Koha item type Books
Suppress in OPAC No
Holdings
Withdrawn status Lost status Source of classification or shelving scheme Damaged status Not for loan Collection Home library Current library Shelving location Date acquired Total Checkouts Full call number Barcode Date last seen Price effective from Koha item type
    Dewey Decimal Classification     Non-Fiction Footprints International School Library Network Toul Kork Campus Footprints International School Library Network Toul Kork Campus TTP Secondary Non-Fiction Bookshelves 01/15/2025   GRA 330 FISSE03186 01/15/2025 01/15/2025 Books